Finančné rozhodovanie o krátkodobej alokácii kapitálu podniku diplomová práca

Salvato in:
Dettagli Bibliografici
Autore principale: Pátereková, Kamila
Ente Autore: Fakulta podnikového manažmentu EU. Katedra podnikových financií
Altri autori: Fetisovová, Elena
Natura: Libro
Lingua:slovacco
Pubblicazione: Bratislava 2021
Tags: Aggiungi Tag
Nessun Tag, puoi essere il primo ad aggiungerne!!

MARC

LEADER 00000nbm a2200000 4500
001 0275527
005 20211129123641.3
041 0 |a slo 
044 |a SK 
245 1 0 |a Finančné rozhodovanie o krátkodobej alokácii kapitálu podniku  |b diplomová práca  |c Kamila Pátereková ; školiteľ: Elena Fetisovová 
264 1 |a Bratislava  |c 2021 
300 |a 90 s. 
100 1 |a Pátereková, Kamila 
700 1 |a Fetisovová, Elena 
710 2 |a Fakulta podnikového manažmentu EU. Katedra podnikových financií